Ravinum prabhathathinumidayil/ (Record no. 37592)

000 -LEADER
fixed length control field 00374nam a22001451a 4500
082 ## - DEWEY DECIMAL CLASSIFICATION NUMBER
Classification number M8
Item number GIB/R
100 ## - MAIN ENTRY--AUTHOR NAME
Personal name Khalil Gibran
245 ## - TITLE STATEMENT
Title Ravinum prabhathathinumidayil/
Statement of responsibility, etc by Khalil Gibran
260 ## - PUBLICATION, DISTRIBUTION, ETC. (IMPRINT)
Place of publication Kozhikode:
Name of publisher Lipi,
Year of publication 2002.
300 ## - PHYSICAL DESCRIPTION
Number of Pages 80p.
650 ## - SUBJECT ADDED ENTRY--TOPICAL TERM
Topical Term Miscellaneous Literature Malayalam
650 ## - SUBJECT ADDED ENTRY--TOPICAL TERM
Topical Term Literature Malayalam
650 ## - SUBJECT ADDED ENTRY--TOPICAL TERM
Topical Term Literature
942 ## - ADDED ENTRY ELEMENTS (KOHA)
Koha item type Book
Holdings
Withdrawn status Lost status Damaged status Not for loan Permanent Location Current Location Date acquired Cost, normal purchase price Full call number Accession Number Cost, replacement price Price effective from Koha item type
Write off     1 Sree Sankaracharya University of Sanskrit Sree Sankaracharya University of Sanskrit 08.01.2015 40.00 M8 GIB/RAV P02 047178 0.00 08.01.2015 Book